Fr. Conceicao Rodrigues College of Engineering

Signals and system (Record no. 29315)

MARC details
000 -LEADER
fixed length control field 00302nam a2200145Ia 4500
082 ## - DEWEY DECIMAL CLASSIFICATION NUMBER
Classification number 621.382
Item number SHA/BHA
100 ## - MAIN ENTRY--PERSONAL NAME
Personal name Shah/ D.D./ Bhagali/ A.C.
250 ## - EDITION STATEMENT
Edition statement 4
245 ## - TITLE STATEMENT
Title Signals and system
260 ## - PUBLICATION, DISTRIBUTION, ETC.
Name of publisher, distributor, etc. Mahalaxmi
Date of publication, distribution, etc. 2000
300 ## - PHYSICAL DESCRIPTION
Extent 584
546 ## - LANGUAGE NOTE
Language note ENGLISH
654 ## - SUBJECT ADDED ENTRY--FACETED TOPICAL TERMS
Focus term signal
942 ## - ADDED ENTRY ELEMENTS (KOHA)
Koha item type BOOK
Holdings
Withdrawn status Lost status Damaged status Not for loan Collection Home library Current library Date acquired Total Checkouts Full call number Barcode Date last seen Date last checked out Price effective from Koha item type
        CRC Fr. Agnel's C.Rodrigues College of Engineering AGNEL TECHNICAL COLLEGE LIBRARY 17/03/2023 1 621.382 SHA/BHA 11569 29/11/2025 18/08/2025 17/03/2023 BOOK